Mathematics by Letter - D - Statistics

General Stats
  • This quiz has been taken 46 times
  • The average score is 8 of 15
Answer Stats
Hint Answer % Correct
Polygon with 10 sides decagon
88%
360 of these in a full circle degrees
83%
Base-10 number system decimal
80%
The gap between two numbers difference
78%
Part of calculus, involving infinitesimal rates of change differentiation
73%
e.g. normal, poisson, binomial distribution
58%
Platonic solid with 12 equal faces dodecahedron
58%
Way of multiplying two vectors, to find essentially how much the vectors are pointing the same direction {dot} product
55%
Expression equal to b^2 - 4ac in the quadratic formula discriminant
50%
All possible input values of a function domain
45%
When a sequence never approaches a fixed value it is described as this divergent
40%
Vector equivalent of distance displacement
30%
Type of equation where only integer solutions are desired e.g. 14x - 11y = 29 {Diophantine} equation
18%
Process used on a matrix which reduces it into another matrix where all cells are zeroes except those on the line from top left to bottom right. diagonalisation
13%
Region inside a circle disk
13%
No matching quizzes found
Score Distribution
Percent of People with Each Score
Percentile by Number Answered
Your Score History
You have not taken this quiz